[Event "It (open) \"]
[Site "masterchessopen.com Moscow (Russia)"]
[Date "2008.02.17"]
[Round "4"]
[White "Volokitin Andrei (UKR)"]
[Black "Zhigalko Sergei (BLR)"]
[Result "1-0"]
[WhiteElo "2659"]
[BlackElo "2592"]

{ Zhigalko Sergei (BLR) +0 =1 -0 } 1.d4 Nf6 2.c4 e6 3.Nc3 Bb4 4.Qc2 d5 5.a3
Bxc3+ 6.Qxc3 Ne4 7.Qc2 c5 8.dxc5 Nc6 9.e3 Qa5+ 10.Bd2 Nxd2 ( 10...Qxc5 11.Rc1
Nxd2 12.Qxd2 d4 13.b4 dxe3 14.fxe3 Qe7 15.Nf3 O-O 16.Be2 e5 17.O-O Bg4 18.Qb2
Rad8 19.Rcd1 h6 20.h3 Bh5 21.Kh1 a5 22.c5 e4 23.Nd4 Bxe2 24.Nxc6 bxc6 25.Qxe2
axb4 { 1/2-1/2, Maiorov Nikita 2503 - Zhigalko Sergei 2562 , Minsk 10. 1.2007
Ch Belarus } ) 11.Qxd2 dxc4 12.Qxa5 { = } ( 12.Bxc4 Qxc5 13.Rc1 Qa5 14.Rc3 O-O
15.Nf3 Rd8 16.Qc2 Ne5 17.Nxe5 Qxe5 18.Bd3 f5 19.O-O Bd7 20.Rc1 Bc6 21.b4 Rd7
22.Rc5 Rd5 23.Be2 Rxc5 24.Qxc5 Qxc5 25.Rxc5 Rd8 26.f3 Kf8 27.Kf2 Ke7 28.Ke1
Kd6 { 1/2-1/2, Kramnik Vladimir 2760 - Gelfand Boris 2713 , Monaco 1999 It
"Melody Amber" (active) } ) 12...Nxa5 13.Rc1 b5 14.cxb6 Bb7 ( 14...Ba6 15.b4
Nb3 16.b7 Rb8 17.Rc3 Bxb7 18.Nf3 Ke7 19.Ne5 Rhc8 20.Nxc4 Bd5 21.Rxb3 Bxc4
22.Bxc4 Rxc4 23.Kd2 Rbc8 24.Rhb1 Rc2+ 25.Ke1 Ra2 26.R1b2 Ra1+ 27.Ke2 Rc6
28.Rd2 Kf6 29.Kf3 a6 30.h4 h5 31.b5 axb5 32.Rxb5 Rc7 33.Ra5 g6 34.g3 {
...1/2-1/2, O'kelly De Galway Alberic 2460 - Foltys Jan, Stuttgart 1939 It } )
15.bxa7 ( 15.Nf3 Ke7 16.bxa7 Rxa7 17.Nd2 Ba6 18.Rc2 Rb8 19.Kd1 Rab7 20.Kc1 Bb5
21.Ne4 Rd7 22.Be2 Nb3+ 23.Kb1 Bc6 24.f3 Bxe4 25.fxe4 Nd2+ 26.Ka2 Nxe4 27.Bxc4
f5 28.Rhc1 g5 29.Be2 Kf6 30.b4 g4 31.b5 Ra7 32.Rc8 Rbb7 33.Kb3 Nd6 34.R8c5 Ra5
{ ...1-0, Turov Maxim 2561 - Gavrilov Alexei 2497 , Moscow 31. 1.2007 It
(open) } ) 15...Ke7 ( 15...O-O 16.Ne2 Rxa7 17.Nc3 Rb8 18.Na2 Bd5 19.Nb4 Rb6
20.f3 f5 21.Be2 Rab7 22.Rd1 Nc6 23.Nxd5 exd5 24.Rxd5 Rxb2 25.Bxc4 Kh8 26.O-O
g6 27.Rc1 Ne7 28.Rc5 Ra7 29.Re5 Rc7 30.Rd1 Kg7 31.Rb5 Rc2 32.Bb3 Re2 33.a4
Rxe3 34.a5 Ra7 35.Ra1 { ...1-0, Shishkin Vadim 2530 - Podolchenko Evgeniy 2460
, Odessa 12. 9.2007 Memorial E.Geller (open) } ) 16.Ne2 ( 16.Nf3 Bxf3 17.gxf3
Rxa7 18.Rg1 Rb8 19.Rc2 Rab7 20.Bxc4 Rxb2 21.Rxb2 Rxb2 22.Bd3 Rb3 23.Ke2 Rb2+
24.Ke1 Rb3 25.Bc2 Rc3 26.Kd1 g6 27.a4 Nc4 28.f4 Na3 29.Be4 Rc4 30.Bd3 Rxa4
31.Ke2 Nc4 32.Bxc4 Rxc4 33.Kf3 h6 34.Ra1 g5 35.fxg5 hxg5 { ...1/2-1/2,
Mchedlishvili Mikheil 2631 - Petrik Tomas 2489 , Dresden 5. 4.2007 Ch Europe }
) 16...Rxa7 17.Nc3 Bc6 { N } ( 17...Rb8 18.Na2 Bd5 19.Nb4 Nc6 20.Nxc6+ Bxc6
21.Rxc4 Bd5 22.Rc2 Rb3 23.f3 Rxe3+ 24.Kd2 Rb3 25.Be2 g5 26.Kc1 g4 27.Rf1 h5
28.Bc4 Bxc4 29.Rxc4 Rab7 30.Rf2 f5 31.f4 Re3 32.Kc2 h4 33.Rc3 Re1 34.b4 Rd7
35.Kb3 Rb1+ 36.Rb2 Rf1 37.g3 { ...1-0, Drozdovskij Yuri 2567 - Sargissian
Gabriel 2673 , Mainz 19. 8.2007 It (open) (active) "Ordix" } ) 18.Na2 Ba4
19.Nb4 Rd8 20.Be2 Rad7 21.O-O Bb3 22.Bf3 Rd2 23.Rb1 g6 24.Rfc1 f5 25.Kf1 Kf6
26.Ke1 R8d6 27.Bd1 Bxd1 28.Rxd1 Nb3 29.Nc2 R2d3 30.Rxd3 cxd3 31.Nd4 Nxd4
32.exd4 Rxd4 33.b4 Ke7 { ?! } ( 33...Rh4 { !? } 34.Kd2 Rxh2 35.Rg1 Ke5 36.Kxd3
Kd5 37.a4 e5 { } ) 34.a4 Kd6 35.a5 Kc7 36.Kd2 e5 37.f3 e4 38.fxe4 fxe4 39.Ke3
Rc4 40.b5 Ra4 41.a6 Kb6 42.Rb2 h6 43.g3 h5 44.h4 Ra3 { ?! } ( 44...Kc7 { !? }
45.b6+ Kb8 46.a7+ Kb7 47.Kf4 Rd4 48.Ra2 Rd8 49.Kxe4 d2 50.a8=Q+ Rxa8 51.Rxd2 {
} ) 45.Kxe4 d2 46.Rxd2 Kxb5 47.Ke5 Re3+ 48.Kf4 Ra3 49.Rd5+ Kxa6 50.Rd6+ {
+2.88 CAP } {#r} 1-0

[Event "Memorial V.Ciocaltea (cat.9)"]
[Site "masterchessopen.com Bucharest (Romania)"]
[Date "2008.03.24"]
[Round "10"]
[White "Shishkin Vadim (UKR)"]
[Black "Baratosi Daniel (ROM)"]
[Result "1-0"]
[WhiteElo "2502"]
[BlackElo "2421"]

1.d4 Nf6 2.c4 e6 3.Nc3 Bb4 4.Qc2 d5 5.a3 Bxc3+ 6.Qxc3 Ne4 7.Qc2 c5 8.dxc5 Nc6
9.e3 Qa5+ 10.Bd2 Qxc5 11.Nf3 a5 12.Rc1 Qe7 13.Bd3 Nxd2 14.Qxd2 dxc4 15.Rxc4
O-O 16.Qc2 h6 17.O-O Bd7 18.Rc1 Rfd8 19.Qc3 Rac8 20.Be4 b5 21.Rxc6 Bxc6
22.Bxc6 b4 23.axb4 Qxb4 24.Qxb4 axb4 25.Kf1 Rd6 26.Nd4 e5 27.Nf5 Re6 28.Rc4 g6
29.Bd5 Rxc4 30.Bxc4 Rb6 31.Nxh6+ Kg7 32.Nxf7 Kf6 33.Ke2 e4 34.f4 exf3+ 35.gxf3
Rb8 36.f4 {#r} 1-0

[Event "Ch Russia (club) (high league)"]
[Site "masterchessopen.com Sochi (Russia)"]
[Date "2008.04.06"]
[Round "4"]
[White "Gladyszev Oleg (RUS)"]
[Black "Zharov Dmitry (RUS)"]
[Result "1-0"]
[WhiteElo "2448"]
[BlackElo "2327"]

1.d4 Nf6 2.c4 e6 3.Nc3 Bb4 4.Qc2 d5 5.a3 Bxc3+ 6.Qxc3 Ne4 7.Qc2 c5 8.dxc5 Nc6
9.e3 Qa5+ 10.Bd2 Nxd2 11.Qxd2 Qxc5 12.b4 Qd6 13.c5 Qc7 14.Nf3 O-O 15.Be2 Rd8
16.O-O e5 17.b5 Ne7 18.Qb4 f6 19.Rfc1 Be6 20.a4 d4 21.exd4 e4 22.Ne1 Nd5
23.Qb2 Nf4 24.Bf1 Qf7 25.Qd2 g5 26.Qe3 Bd5 27.Nc2 Bc4 28.g3 Nd3 29.Rcb1 Re8
30.Qd2 Ba2 31.Rd1 Bb3 32.Bxd3 exd3 33.Qxd3 Bc4 34.Qc3 Bd5 35.Ne3 Bf3 36.Re1
Qh5 37.Ng2 g4 38.Nh4 Bd5 39.Rxe8+ Rxe8 40.Re1 Rxe1+ 41.Qxe1 Qf7 42.Nf5 Kf8
43.c6 {#r} 1-0

[Event "Ch Europe"]
[Site "masterchessopen.com Plovdiv (Bulgaria)"]
[Date "2008.05.01"]
[Round "10"]
[White "Gajewski Grzegorz (POL)"]
[Black "Monev Alexander (BUL)"]
[Result "1-0"]
[WhiteElo "2577"]
[BlackElo "2100"]

1.d4 Nf6 2.c4 e6 3.Nc3 Bb4 4.Qc2 d5 5.a3 Bxc3+ 6.Qxc3 Ne4 7.Qc2 Nc6 8.e3 e5
9.cxd5 Qxd5 10.f3 Nf6 11.dxe5 Nxe5 12.e4 Qc6 13.Qxc6+ Nxc6 14.Bf4 Nd4 15.O-O-O
Ne6 16.Be3 Bd7 17.Ne2 O-O-O 18.Nc3 Bc6 19.Bc4 Kb8 20.Rxd8+ Rxd8 21.h4 h6 22.g4
Nd7 23.Rd1 Ne5 24.Bxe6 Rxd1+ 25.Kxd1 fxe6 26.Ke2 Nc4 27.Bc1 e5 28.b3 Na5 29.b4
Nb3 30.Be3 Nd4+ 31.Kf2 b6 32.Bxd4 exd4 33.Ne2 d3 34.Nc3 Kc8 35.Ke3 g5 36.h5
Kd7 37.Kxd3 Ke6 38.Kd4 a6 39.Nd5 Kd6 40.Ne3 Ba4 41.Nf5+ Ke6 42.Nxh6 Bd1 43.Nf5
Kf7 44.e5 Bxf3 45.e6+ Kf6 46.e7 Bc6 47.h6 Kg6 48.Ng7 Kxh6 49.e8=Q Bxe8 50.Nxe8
{#r} 1-0

[Event "Memorial Father Ivan Cvitanovic (cat.8)"]
[Site "masterchessopen.com Split (Croatia)"]
[Date "2008.05.05"]
[Round "8"]
[White "Fodor Tamas Jr (HUN)"]
[Black "Bilobrk Franjo (CRO)"]
[Result "1-0"]
[WhiteElo "2383"]
[BlackElo "2373"]

1.d4 Nf6 2.c4 e6 3.Nc3 Bb4 4.Qc2 d5 5.a3 Bxc3+ 6.Qxc3 Ne4 7.Qc2 c5 8.dxc5 Nc6
9.e3 Qa5+ 10.Bd2 Nxd2 11.Qxd2 dxc4 12.Bxc4 Qxc5 13.Rc1 Qg5 14.Bf1 O-O 15.Nf3
Qf6 16.Bd3 Rd8 17.O-O Bd7 18.Qc2 Rac8 19.Qb1 h6 20.Be4 b6 21.Rfd1 Be8 22.Rxd8
Qxd8 23.b4 a5 24.b5 Nb8 25.Rd1 Qe7 26.Qb2 Qc5 27.Nd4 Qc3 28.Qa2 Qc5 29.a4 Bd7
30.h3 Kf8 31.Bb7 Rc7 32.Bf3 Rc8 33.Qb1 Kg8 34.Nc6 Bxc6 35.bxc6 Na6 36.Rc1 Qa3
37.Rc4 Nb4 38.c7 Nd5 39.Bxd5 exd5 40.Qf5 {#r} 1-0

[Event "It (open)"]
[Site "masterchessopen.com Galapagar (Spain)"]
[Date "2008.07.20"]
[Round "2"]
[White "Sadaba Rodriguez Igor (ESP)"]
[Black "Baeza Escudero Javier (ESP)"]
[Result "0-1"]
[WhiteElo "1682"]
[BlackElo "1901"]

1.d4 Nf6 2.c4 e6 3.Nc3 Bb4 4.Qc2 d5 5.a3 Bxc3+ 6.Qxc3 Ne4 7.Qc2 c5 8.Nf3 Nc6
9.cxd5 exd5 10.dxc5 Bf5 11.Qd1 Qa5+ 12.Bd2 Qxc5 13.e3 O-O 14.Be2 d4 15.O-O
Rfe8 16.b4 Qb6 17.Nxd4 Nxd4 18.exd4 Rad8 19.Be3 Nc3 20.Qd2 Nxe2+ 21.Qxe2 Qxd4
22.Bxd4 Rxe2 23.Bxa7 Rdd2 24.a4 Kf8 25.Bc5+ Ke8 26.Rfe1 Bc2 27.Rxe2+ Rxe2
28.Kf1 Bd3 29.Re1 Re3+ {#R} 0-1

[Event "It (open) (juniors) (under 16)"]
[Site "masterchessopen.com Enschede (Netherlands)"]
[Round "0"]
[White "Frey Alisa (GER)"]
[Black "Rauw Gert-Jan (NED)"]
[Result "1-0"]
[WhiteElo "2001"]
[BlackElo "2008"]

1.d4 Nf6 2.c4 e6 3.Nc3 Bb4 4.Qc2 d5 5.a3 Bxc3+ 6.Qxc3 Ne4 7.Qc2 c5 8.Nf3 Nc6
9.dxc5 Qf6 10.e3 O-O 11.Bd3 Qg6 12.O-O f5 13.b4 a5 14.b5 Ne7 15.Ne5 Qh5
16.cxd5 exd5 17.Bb2 Be6 18.Rfc1 Rac8 19.c6 Qg5 20.f4 Qh4 21.Bd4 bxc6 22.bxc6
Nxc6 23.Nxc6 Bd7 24.g3 Nxg3 25.Qf2 Rxc6 26.Rxc6 Bxc6 27.Qxg3 Qxg3+ 28.hxg3 g6
29.Rc1 Bb7 30.Rc7 Rf7 31.Bb6 Rxc7 32.Bxc7 Bc6 33.Bxa5 Ba4 34.Ba6 Kf7 35.Bc8
Ke7 36.Bb4+ Kf6 37.Bc3+ Ke7 38.Kg2 Bc6 39.Bd4 Kf7 40.Kh3 h6 41.Kh4 Bb5 42.Bb7
Ke6 43.Bg7 h5 {#r} 1-0

[Event "It (open)"]
[Site "masterchessopen.com Martigny (Switzerland)"]
[Date "2008.08.01"]
[Round "1"]
[White "Primerano Carlo (ITA)"]
[Black "Dobrev Nanko (BUL)"]
[Result "0-1"]
[WhiteElo "1725"]
[BlackElo "2408"]

1.d4 Nf6 2.c4 e6 3.Nc3 Bb4 4.Qc2 d5 5.a3 Bxc3+ 6.Qxc3 Ne4 7.Qc2 c5 8.Nf3 Nc6
9.e3 cxd4 10.exd4 Qa5+ 11.Bd2 Nxd2 12.Qxd2 Qxd2+ 13.Kxd2 Na5 14.Kc3 Nxc4
15.Bxc4 dxc4 16.Kxc4 b6 17.Nd2 Bb7 18.f3 Rc8+ 19.Kd3 Ke7 20.Rac1 Ba6+ 21.Ke3
Rhd8 22.Rhd1 e5 23.Nb3 Bc4 24.Na1 exd4+ 25.Rxd4 Be6 26.Rxc8 Rxc8 27.Kd2 g5
28.g3 Rc5 29.b4 Rf5 30.Ke3 Bd5 31.f4 gxf4+ 32.gxf4 Rh5 33.Rd2 Rh3+ 34.Kd4 Ke6
35.Nc2 Rf3 36.Re2+ Kd6 37.Re8 Rxf4+ 38.Ke3 Rh4 39.Rd8+ Ke5 40.Rd7 Rxh2 41.Ne1
Rh3+ 42.Kd2 Rxa3 {#R} 0-1

[Event "It \"]
[Site "masterchessopen.com Enschede (Netherlands)"]
[Date "2008.08.02"]
[Round "2"]
[White "Maiorov Nikita (BLR)"]
[Black "Ris Robert (NED)"]
[Result "0-1"]
[WhiteElo "2530"]
[BlackElo "2417"]

1.d4 Nf6 2.c4 e6 3.Nc3 Bb4 4.Qc2 d5 5.a3 Bxc3+ 6.Qxc3 Ne4 7.Qc2 c5 8.dxc5 Nc6
9.e3 Qa5+ 10.Bd2 Qxc5 11.b4 Qe7 12.Bc1 a5 13.b5 Ne5 14.Bb2 Ng4 15.Nh3 Qh4
16.g3 Qh6 17.Qe2 e5 18.f3 Nxe3 19.fxe4 Bg4 20.Qd2 d4 21.Nf2 Bf3 22.h3 O-O
23.Rg1 f5 24.Bd3 fxe4 25.Nxe4 Qg6 26.Nc5 e4 27.Be2 Bg2 28.Rxg2 Nxg2+ 29.Kd1 d3
30.Nxd3 exd3 31.Bxd3 Qxg3 32.a4 Rf2 33.Be2 Ne3+ {#R} 0-1

[Event "It (cat.3)"]
[Site "masterchessopen.com Budapest (Hungary)"]
[Date "2008.08.04"]
[Round "3"]
[White "Strunski Andreas (GER)"]
[Black "Humphrey Jonathan (AUS)"]
[Result "1-0"]
[WhiteElo "2275"]
[BlackElo "2330"]

1.d4 Nf6 2.c4 e6 3.Nc3 Bb4 4.Qc2 d5 5.a3 Bxc3+ 6.Qxc3 Ne4 7.Qc2 c5 8.dxc5 Nc6
9.cxd5 exd5 10.e3 Qa5+ 11.b4 Nxb4 12.axb4 Qxa1 13.Bb5+ Kf8 14.Ne2 a6 15.Bd3
Bd7 16.Nf4 Ba4 17.Qb2 Qxb2 18.Bxb2 Bc6 19.Nh5 f6 20.h4 Kf7 21.f3 g6 22.fxe4
gxh5 23.O-O Rhg8 24.Rxf6+ Ke7 25.Rh6 Raf8 26.Rxh7+ Kd8 27.Rxh5 dxe4 28.Bc4 Rg6
29.Be5 Bd7 30.Bd6 Rf5 31.Rh8+ Be8 32.Rh7 Bc6 33.h5 {#r} 1-0

[Event "Ch Bulgaria (team) (2nd Division)"]
[Site "masterchessopen.com Borovets (Bulgaria)"]
[Date "2008.10.03"]
[Round "3"]
[White "Enchev Ivajlo (BUL)"]
[Black "Petkov Vladimir (BUL)"]
[Result "0-1"]
[WhiteElo "2362"]
[BlackElo "2484"]

1.d4 Nf6 2.c4 e6 3.Nc3 Bb4 4.Qc2 d5 5.a3 Bxc3+ 6.Qxc3 Ne4 7.Qc2 c5 8.cxd5 exd5
9.dxc5 Bf5 10.b4 O-O 11.Qb2 a5 12.Nf3 axb4 13.axb4 Rxa1 14.Qxa1 Nc6 15.Qb2 d4
16.e3 d3 17.Bd2 Qd5 18.b5 Nxd2 19.Nxd2 Ne7 20.Qd4 Ra8 21.f3 Qxd4 22.exd4 Ra1+
23.Kf2 Ra2 24.Ke1 Nd5 25.g4 Bg6 26.h4 h6 27.h5 Bh7 28.b6 Ra1+ 29.Kf2 Ra2
30.Ke1 Ra1+ 31.Kf2 Ra2 32.Ke1 Nb4 33.Rh2 Nc2+ 34.Kf2 Nxd4 35.Ke3 Nc2+ 36.Kf4
Nb4 37.Ke5 Rc2 38.Kd6 Na6 39.f4 Rxc5 40.Bg2 Rb5 41.Nc4 d2 42.Rh1 Bd3 43.Nxd2
Rxb6+ 44.Ke7 Re6+ 45.Kd8 Re2 46.Bxb7 Rxd2 47.Ke7 Nc5 48.Bd5 {#R} 0-1

[Event "It (masters)"]
[Site "masterchessopen.com Hastings (England)"]
[Date "2009.01.01"]
[Round "5"]
[White "Almond Richard (ENG)"]
[Black "Kjartansson Gudmundur (ISL)"]
[Result "0-1"]
[WhiteElo "2100"]
[BlackElo "2356"]

1.d4 Nf6 2.c4 e6 3.Nc3 Bb4 4.Qc2 d5 5.a3 Bxc3+ 6.Qxc3 Ne4 7.Qc2 c5 8.dxc5 Nc6
9.cxd5 exd5 10.Nf3 Bf5 11.b4 d4 12.Qb3 O-O 13.Bb2 Re8 14.Rd1 Qf6 15.e3 Nxf2
16.Kxf2 Rxe3 17.Bxd4 Rxb3 18.Bxf6 gxf6 19.b5 Ne5 20.Nd4 Rb2+ 21.Kg3 Be4 22.Be2
Rc8 23.c6 bxc6 24.bxc6 Nxc6 25.Bg4 Rxg2+ 26.Kh3 Rxg4 27.Nxc6 f5 28.Ne7+ Kg7
29.Rhg1 Rc3+ 30.Rg3 Rxa3 31.Rd2 Rgxg3+ 32.hxg3 f4 {#R} 0-1

[Event "It (open) \"]
[Site "masterchessopen.com Schwabisch Gmund (Germany)"]
[Date "2009.01.02"]
[Round "1"]
[White "Iwanziw Niklas (GER)"]
[Black "Rojas Luis (CHI)"]
[Result "0-1"]
[WhiteElo "1871"]
[BlackElo "2453"]

1.d4 Nf6 2.c4 e6 3.Nc3 Bb4 4.Qc2 d5 5.a3 Bxc3+ 6.Qxc3 Ne4 7.Qc2 c5 8.cxd5 exd5
9.dxc5 Bf5 10.Qa4+ Nc6 11.e3 Nxc5 12.Qd1 d4 13.Nf3 d3 14.b4 Ne6 15.Ra2 Qd5
16.Rd2 Rd8 17.Nh4 Be4 18.f3 Qg5 19.Rf2 Qxh4 20.fxe4 Qxe4 21.Qf3 Ng5 22.Qxe4+
Nxe4 23.Ra2 Ne5 24.Rg1 Nc4 25.Kd1 Nc3+ {#R} 0-1

[Event "Ch Club MEPHI (1 liga)"]
[Site "masterchessopen.com Moscow (Russia)"]
[Date "2009.02.16"]
[Round "1"]
[White "Nagibin George (RUS)"]
[Black "Sotnikovich George G (RUS)"]
[Result "1-0"]
[WhiteElo "2392"]
[BlackElo "2043"]

1.c4 e6 2.Nc3 Nf6 3.d4 Bb4 4.Qc2 d5 5.a3 Bxc3+ 6.Qxc3 Ne4 7.Qc2 c5 8.dxc5 Nc6
9.e3 Qa5+ 10.Bd2 Nxd2 11.Qxd2 dxc4 12.Qxa5 Nxa5 13.Rc1 Bd7 14.Bxc4 Rc8 15.b4
Nxc4 16.Rxc4 b6 17.f4 bxc5 18.bxc5 Rb8 19.c6 Rb1+ 20.Kd2 Bc8 21.Rc1 Rb2+
22.Kc3 Rxg2 23.Nf3 Ke7 24.Rhg1 Re2 25.Rce1 Rxe1 26.Rxe1 Kd6 27.Rd1+ Kc7 28.Kb4
Kb6 29.Rd6 a5+ 30.Kc4 h6 31.Ne5 Kc7 32.Kc5 Rf8 33.Nc4 Re8 34.Nb6 Re7 35.Na8+
Kb8 36.Rd8 {#r} 1-0

[Event "Ch Club MEPHI (1 liga)"]
[Site "masterchessopen.com Moscow (Russia)"]
[Date "2009.02.17"]
[Round "2"]
[White "Klimov Valentin (RUS)"]
[Black "Sotnikovich George G (RUS)"]
[Result "1-0"]
[WhiteElo "2311"]
[BlackElo "2043"]

1.d4 Nf6 2.c4 e6 3.Nc3 Bb4 4.Qc2 d5 5.a3 Bxc3+ 6.Qxc3 Ne4 7.Qc2 c5 8.dxc5 Nc6
9.e3 Qa5+ 10.Bd2 Nxd2 11.Qxd2 dxc4 12.Bxc4 Qxc5 13.Rc1 Qg5 14.f4 Qh4+ 15.g3
Qe7 16.Nf3 O-O 17.e4 Bd7 18.O-O Rad8 19.e5 Bc8 20.Bd3 h6 21.Qe3 Rd7 22.Kg2
Rfd8 23.Be4 a6 24.Rf2 Qf8 25.Rfc2 Ne7 26.Qa7 Rd1 27.Rxd1 Rxd1 28.Qb8 Qd8
29.Rc7 Rd7 30.Rxd7 Qxd7 31.Qd6 Nd5 32.Qxd7 Bxd7 33.Bxd5 exd5 34.Kf2 Kf8 35.Ke3
Ke7 36.Kd4 Bc6 37.Nh4 g6 38.f5 g5 39.Ng2 f6 40.e6 Kd6 41.Ne3 h5 42.b3 b6 43.h4
g4 44.Ng2 {#r} 1-0

[Event "Tournament (Elo) (a)"]
[Site "masterchessopen.com Nevinomyssk (Russia)"]
[Date "2009.02.27"]
[Round "10"]
[White "Grigoryan Artur (RUS)"]
[Black "Kim Vitaliy (RUS)"]
[Result "1-0"]
[WhiteElo "2216"]
[BlackElo "2047"]

1.d4 Nf6 2.c4 e6 3.Nc3 Bb4 4.Qc2 d5 5.a3 Bxc3+ 6.Qxc3 Ne4 7.Qc2 c5 8.dxc5 Nc6
9.e3 Qa5+ 10.Bd2 Nxd2 11.Qxd2 dxc4 12.Qxa5 Nxa5 13.Rc1 b5 14.cxb6 Bb7 15.Nf3
Ke7 16.Nd2 axb6 17.Bxc4 Nxc4 18.Nxc4 Bxg2 19.Rg1 Be4 20.Nxb6 Rab8 21.Na4 Rhc8
22.Rxc8 Rxc8 23.Nc3 h6 24.Ke2 Bg6 25.Rc1 Bh5+ 26.f3 Rc4 27.Kf2 Rh4 28.Kg3 g5
29.Ne2 Ra4 30.Rc8 Bg6 31.Nc3 Ra6 32.Rc7+ Kd8 33.Rc4 Rd6 34.b4 Rd3 35.b5 Bf5
36.b6 Rd7 37.e4 Bg6 38.a4 f5 39.a5 {#r} 1-0

[Event "Extraliga 2008/09"]
[Site "masterchessopen.com Slovakia"]
[Date "2009.03.15"]
[Round "11"]
[White "Petrik Tomas (SVK)"]
[Black "Babula Vlastimil (CZE)"]
[Result "0-1"]
[WhiteElo "2529"]
[BlackElo "2566"]

1.d4 Nf6 2.c4 e6 3.Nc3 Bb4 4.Qc2 d5 5.a3 Bxc3+ 6.Qxc3 Ne4 7.Qc2 c5 8.dxc5 Nc6
9.cxd5 exd5 10.e3 O-O 11.Nf3 Qf6 12.Bd3 b6 13.O-O bxc5 14.Nd2 Nxd2 15.Bxd2 c4
16.Bxh7+ Kh8 17.Bc3 Qg5 18.f4 Qh5 19.Qa4 Bd7 20.Bb1 Rfe8 21.Qd1 Bg4 22.Qd2 d4
23.Bxd4 Nxd4 24.Qxd4 Rad8 25.Qc3 Re6 26.Qe1 Be2 27.Bf5 Rh6 28.Qa5 Rg8 29.Rfe1
Bg4 30.e4 Qxh2+ 31.Kf2 Qxf4+ 32.Kg1 Bf3 33.Qc3 Bxg2 34.Re2 Bf3 35.Qd2 Rh1+
36.Kf2 Rh2+ 37.Kg1 Qg3+ {#R} 0-1

[Event "It (cat.2) (b)"]
[Site "masterchessopen.com Budapest (Hungary)"]
[Date "2009.03.16"]
[Round "10"]
[White "Kahn Evarth Dr (HUN)"]
[Black "Kislik Erik Andrew (USA)"]
[Result "0-1"]
[WhiteElo "2281"]
[BlackElo "2342"]

1.d4 Nf6 2.c4 e6 3.Nc3 Bb4 4.Qc2 d5 5.a3 Bxc3+ 6.Qxc3 Ne4 7.Qc2 c5 8.dxc5 Nc6
9.e3 Qa5+ 10.Bd2 Nxd2 11.Qxd2 dxc4 12.Qxa5 Nxa5 13.Rc1 Bd7 14.Bxc4 Nxc4
15.Rxc4 O-O 16.Rd4 Bb5 17.a4 Bc6 18.Nf3 Rfc8 19.Rc4 Bd5 20.Rc3 b6 21.O-O Rxc5
22.Rxc5 bxc5 23.Rc1 Rb8 24.Rxc5 f6 25.Nd4 Rxb2 26.f3 h6 27.e4 Ba2 28.Ra5 Rb1+
29.Kf2 Rb2+ 30.Kg3 Rd2 31.Nc6 Bc4 32.Rxa7 Bf1 33.f4 Rxg2+ 34.Kf3 Rxh2 35.Ne7+
Kh7 36.f5 Bh3 37.a5 Ra2 38.fxe6 Bxe6 39.a6 Ra3+ 40.Kf2 h5 41.Ra8 h4 42.a7 Ra2+
43.Kg1 Bg4 44.Nf5 h3 45.Ne3 h2+ 46.Kh1 Bf3+ {#R} 0-1

[Event "It (open) \"]
[Site "masterchessopen.com Budapest (Hungary)"]
[Date "2009.03.26"]
[Round "7"]
[White "Galyas Miklos (HUN)"]
[Black "Papp Tamas (HUN)"]
[Result "1-0"]
[WhiteElo "2457"]
[BlackElo "2318"]

1.d4 Nf6 2.c4 e6 3.Nc3 Bb4 4.Qc2 d5 5.a3 Bxc3+ 6.Qxc3 Ne4 7.Qc2 c5 8.dxc5 Nc6
9.cxd5 exd5 10.e3 Bf5 11.Bd3 Qa5+ 12.b4 Nxb4 13.axb4 Qxa1 14.Ne2 Nxf2 15.Kxf2
Bxd3 16.Qxd3 Qf6+ 17.Kg1 O-O 18.Qd4 Qg6 19.h4 Rfe8 20.h5 Qh6 21.e4 Qe6 22.h6
Qg4 23.Qxg7+ Qxg7 24.hxg7 Rxe4 25.Kf2 Kxg7 26.Nd4 a6 27.Rh3 f6 28.Bh6+ Kg6
29.Be3 h5 30.Ne2 Rxb4 31.Nf4+ Kf7 32.Rxh5 d4 33.Bd2 Rb2 34.Ke2 Re8+ 35.Kd3 Kg7
36.Rd5 Re5 37.Rd7+ Kg8 38.Nd5 Re6 39.g4 Rb3+ 40.Kc4 Rg3 41.Rxb7 Rxg4 42.Rb6
Kf7 43.c6 Rxc6+ 44.Rxc6 Rg2 45.Rxf6+ Kg7 46.Bh6+ Kh7 47.Bf4 a5 48.Ra6 Ra2
49.Kxd4 Kg7 50.Ke5 {#r} 1-0

[Event "Ch Europe (seniors) (team)"]
[Site "masterchessopen.com Velden (Austria)"]
[Date "2009.04.11"]
[Round "7"]
[White "Oud Nicolas (NED)"]
[Black "Turian Hans (AUT)"]
[Result "0-1"]
[WhiteElo "2022"]
[BlackElo "2088"]

1.d4 Nf6 2.c4 e6 3.Nc3 Bb4 4.Qc2 d5 5.a3 Bxc3+ 6.Qxc3 Ne4 7.Qc2 c5 8.Nf3 cxd4
9.Nxd4 Nxf2 10.Nxe6 fxe6 11.Kxf2 O-O+ 12.Ke1 Nc6 13.e3 Kh8 14.Bd2 d4 15.Be2 e5
16.e4 Be6 17.Qd3 a5 18.b3 Nb8 19.Qg3 Nd7 20.Rf1 Qc7 21.Rxf8+ Rxf8 22.Bg4 Bxg4
23.Qxg4 Nc5 24.Rb1 Qc6 25.Bxa5 Nxe4 26.Rb2 Rf4 27.Qh5 Nf6 28.Qh3 Qe4+ 29.Re2
Qb1+ 30.Kd2 Qb2+ 31.Kd1 Qb1+ 32.Kd2 d3 33.Qc8+ Ng8 34.Re1 Qc2+ 35.Ke3 d2 {#R}
0-1

[Event "It (open)"]
[Site "masterchessopen.com Bhubaneswar (India)"]
[Date "2009.06.09"]
[Round "4"]
[White "Rychagov Andrey (RUS)"]
[Black "Sangma Rahul (IND)"]
[Result "1-0"]
[WhiteElo "2534"]
[BlackElo "2392"]

1.d4 Nf6 2.c4 e6 3.Nc3 Bb4 4.Qc2 d5 5.a3 Bxc3+ 6.Qxc3 Ne4 7.Qc2 c5 8.dxc5 Nc6
9.e3 Qa5+ 10.Bd2 Nxd2 11.Qxd2 dxc4 12.Qxa5 Nxa5 13.Rc1 b5 14.cxb6 Ba6 15.Ne2
O-O 16.Nc3 Nb3 17.Rd1 axb6 18.Be2 Nc5 19.f3 Rfd8 20.Kf2 Nd3+ 21.Bxd3 cxd3
22.Rd2 Bc4 23.e4 b5 24.Ke3 b4 25.axb4 Rab8 26.Ra1 Rxb4 27.Ra4 Rxa4 28.Nxa4 e5
29.Nb6 Bb5 30.b3 g6 31.Ra2 Rd4 32.Nd5 f5 33.Kd2 fxe4 34.fxe4 Kg7 35.Ra7+ Kh6
36.Re7 Rxe4 37.Nc3 Rb4 38.Rb7 Rxb3 39.Rxb5 Ra3 40.Rxe5 Ra1 41.Kxd3 Rh1 42.h3
Rg1 43.Re2 Kg5 44.Ke3 h5 45.Ne4+ Kh4 46.Kf2 Ra1 47.Nd2 Kg5 48.Nf3+ Kf6 49.Rb2
{#r} 1-0

[Event "Cup Hokim (open)"]
[Site "masterchessopen.com Tashkent (Uzbekistan)"]
[Date "2009.07.21"]
[Round "5"]
[White "Nakhbayeva Guliskhan (KAZ)"]
[Black "Kasyan Aleksandr (UZB)"]
[Result "1-0"]
[WhiteElo "2172"]
[BlackElo "2304"]

1.d4 Nf6 2.c4 e6 3.Nc3 Bb4 4.Qc2 d5 5.a3 Bxc3+ 6.Qxc3 Ne4 7.Qc2 c5 8.dxc5 Nc6
9.Nf3 Qa5+ 10.Bd2 Qxc5 11.e3 Nxd2 12.Nxd2 d4 13.O-O-O dxe3 14.Ne4 Qe5 15.fxe3
O-O 16.Re1 f5 17.Ng5 Qa5 18.Bd3 Ne5 19.Kb1 Bd7 20.Qe2 h6 21.Nf3 Bc6 22.Bc2
Bxf3 23.gxf3 Rac8 24.Rd1 Nxc4 25.Bb3 Qb5 26.Ka2 Rc6 27.Rhg1 Rf7 28.Rd8+ Kh7
29.f4 Qb6 30.Ra8 Nxe3 31.Qh5 Rf6 32.Rxg7+ Kxg7 33.Qe8 Rf7 34.Qh8+ Kg6 35.Rg8+
{#r} 1-0

[Event "Ch Great Britain (Major Open)"]
[Site "masterchessopen.com Torquay (England)"]
[Date "2009.08.01"]
[Round "6"]
[White "Lunn Matthew (ENG)"]
[Black "Senior Thomas (ENG)"]
[Result "1-0"]
[WhiteElo "1928"]
[BlackElo "1869"]

1.d4 Nf6 2.c4 e6 3.Nc3 Bb4 4.Qc2 d5 5.a3 Bxc3+ 6.Qxc3 Ne4 7.Qc2 c5 8.dxc5 Nc6
9.cxd5 exd5 10.Nf3 Bf5 11.b4 Ng3 12.Qb2 Nxh1 13.Qxg7 Rf8 14.Bh6 Qe7 15.Qxf8+
Qxf8 16.Bxf8 Kxf8 17.g3 Be4 18.b5 Na5 19.Nd4 Rc8 20.f3 Nxg3 21.hxg3 Bg6 22.Rc1
Nc4 23.e4 Ne3 24.Bh3 f5 25.Kf2 Nc4 26.exd5 Ne5 27.Kg2 Nd3 28.Rc3 Nb2 29.c6
{#r} 1-0

[Event "It (cat.4)"]
[Site "masterchessopen.com Haarlem (Netherlands)"]
[Date "2009.08.15"]
[Round "1"]
[White "Flumbort Andras (HUN)"]
[Black "De Haan Eric (NED)"]
[Result "1-0"]
[WhiteElo "2507"]
[BlackElo "2349"]

1.d4 Nf6 2.c4 e6 3.Nc3 Bb4 4.Qc2 d5 5.a3 Bxc3+ 6.Qxc3 Ne4 7.Qc2 c5 8.dxc5 Nc6
9.e3 Qa5+ 10.Bd2 Nxd2 11.Qxd2 dxc4 12.Bxc4 Qxc5 13.Rc1 Qa5 14.Nf3 Qxd2+
15.Kxd2 Ke7 16.e4 Bd7 17.b4 Rac8 18.Bd3 f6 19.Rc5 e5 20.Rhc1 g5 21.Bb5 Nb8
22.Bxd7 Kxd7 23.h4 Rxc5 24.Rxc5 g4 25.Nh2 h5 26.Nf1 Nc6 27.Ne3 Nd4 28.Kd3 Ne6
29.Rd5+ Kc6 30.g3 Rh7 31.Nc4 Re7 32.Kc3 b6 33.Rd6+ Kb5 34.Rd5+ Kc6 35.Nd6 Nd4
36.a4 Kc7 37.Kc4 Kb8 38.Kd3 Kc7 39.Nc4 Rd7 40.Ne3 Re7 41.Rxd4 exd4 42.Nd5+ Kd6
43.Nxe7 Kxe7 44.Kxd4 Kd6 45.b5 Ke6 46.Ke3 Ke5 47.f4+ {#r} 1-0